000 00627nam a22001935i 4500
001 166813
003 ES-MaACL
005 20250803062535.0
008 050919s1877 fr | |||||||| ||fre d
040 _aCAM
_bspa
_cCAM
100 1 _aUssel, Ph. d'.
_9133470
245 1 0 _aEssai sur l'esprit public dans l'histoire /
_cpar le v\pte\s Ph. d'Ussel.
260 _aParis :
_bLibrairie Hachette et c\pie\s,
_c1877 (
_fTypographie Lahure)
300 _a447 p. ;
_c23 cm.
650 7 _aHistoria
_2embne
_9179933
752 _aFrancia -
_dParís
852 _aES-MaACL
_jF-11132
_z-- Enc. pasta española
999 _c166813
_d166813